000 00702nam a2200193Ii 4500
003 JO-AjNU
008 230605s9999||||xx |||||||||||||| ||und||
040 _aJO-AjNU
_bara
_erda
_cJO-AjNU
041 _aara
050 1 4 _aDS35.63.M36 1900
100 3 _aالمقدسي، المطهر بن طاهر,
_eauthor
_960502
245 0 0 _aكتاب البدء والتاريخ، مج 3
264 3 1 _aالقاهرة، مكتبة الثقافة الدينية، 1990
300 _aمج3: 241ص
336 _atext
_btxt
_2rdacontent
337 _aunmediated
_bn
_2rdamedia
338 _avolume
_bnc
_2rdacarrier
650 4 _aالتاريخ القديم-الاسلام-تاريخ-الديانات-تاريخ
_960503
999 _aA27285
_c30853
_d30853